Microeconomics (Record no. 11767)

MARC details
000 -LEADER
fixed length control field 00542nam a22002057a 4500
003 - CONTROL NUMBER IDENTIFIER
control field mut
005 - DATE AND TIME OF LATEST TRANSACTION
control field 20240606081207.0
008 - FIXED-LENGTH DATA ELEMENTS--GENERAL INFORMATION
fixed length control field 170916b xxu||||| |||| 00| 0 eng d
020 ## - INTERNATIONAL STANDARD BOOK NUMBER
International Standard Book Number 9780321561961
040 ## - CATALOGING SOURCE
Transcribing agency mut
050 ## - LIBRARY OF CONGRESS CALL NUMBER
Classification number HB172
Item number .R35 2011
100 ## - MAIN ENTRY--PERSONAL NAME
Personal name Ragan, Christopher S. T.
245 ## - TITLE STATEMENT
Title Microeconomics
250 ## - EDITION STATEMENT
Edition statement 13th Canadian ed.
260 ## - PUBLICATION, DISTRIBUTION, ETC.
Place of publication, distribution, etc. Toronto
Name of publisher, distributor, etc. Pearson/Canada
Date of publication, distribution, etc. c2011
650 ## - SUBJECT ADDED ENTRY--TOPICAL TERM
Topical term or geographic name entry element Microeconomics
Form subdivision Textbooks
650 ## - SUBJECT ADDED ENTRY--TOPICAL TERM
Topical term or geographic name entry element Microeconomics
Geographic subdivision Canada
Form subdivision Textbooks
700 ## - ADDED ENTRY--PERSONAL NAME
Personal name Lipsey, Rechard G
942 ## - ADDED ENTRY ELEMENTS (KOHA)
Source of classification or shelving scheme Library of Congress Classification
Koha item type Books
Holdings
Withdrawn status Lost status Source of classification or shelving scheme Damaged status Not for loan Home library Current library Shelving location Date acquired Source of acquisition Total checkouts Full call number Barcode Date last seen Date last checked out Price effective from Koha item type
    Library of Congress Classification     MUT Mariira Campus Library MUT Mariira Campus Library General stacks 14/10/2017 Donation-TFC   HB172 .R35 2011 014075 14/10/2017   14/10/2017 Books
    Library of Congress Classification     Murang'a University of Technology Library Murang'a University of Technology Library General stacks 16/09/2017 Donation-TFC 1 HB172 .R35 2011 013076 22/11/2017 08/11/2017 16/09/2017 Books
    Library of Congress Classification     Murang'a University of Technology Library Murang'a University of Technology Library General stacks 07/10/2017 Donation-TFC 1 HB172 .R35 2011 013861 26/03/2019 13/03/2019 07/10/2017 Books
    Library of Congress Classification     Murang'a University of Technology Library Murang'a University of Technology Library General stacks 11/12/2017 Donation-TFC   HB172 .R35 2011 017547 11/12/2017   11/12/2017 Books
    Library of Congress Classification     Murang'a University of Technology Library Murang'a University of Technology Library General stacks 21/02/2018 Donation-TFC   HB172 .R35 2011 018625 30/08/2024   21/02/2018 Books
    Library of Congress Classification     Murang'a University of Technology Library Murang'a University of Technology Library General stacks 18/09/2018 Donation-TFC   HB172 .R35 2011 023397 18/09/2018   18/09/2018 Books
    Library of Congress Classification     Murang'a University of Technology Library Murang'a University of Technology Library General stacks 16/10/2018 Donation -TFC   HB 172 .R35 2011 023971 30/08/2024   16/10/2018 Books
    Library of Congress Classification     Murang'a University of Technology Library Murang'a University of Technology Library General stacks 23/10/2018 Donation-TFC   HB 172 .R35 2011 023852 23/10/2018   23/10/2018 Books
    Library of Congress Classification     Murang'a University of Technology Library Murang'a University of Technology Library General stacks 23/10/2018 Donation-TFC   HB 172 .R35 2011 024142 23/10/2018   23/10/2018 Books
    Library of Congress Classification     Murang'a University of Technology Library Murang'a University of Technology Library General stacks 23/10/2018 Donation-TFC   HB 172 .R35 2011 024143 30/08/2024   23/10/2018 Books
    Library of Congress Classification     Murang'a University of Technology Library Murang'a University of Technology Library General stacks 02/10/2019 Donation-TFC   HB172 .R35 2011 027140 02/10/2019   02/10/2019 Books
    Library of Congress Classification     Murang'a University of Technology Library Murang'a University of Technology Library General stacks 23/10/2019 Donation-TFC   HB172 .R35 2011 027767 23/10/2019   23/10/2019 Books